| 000 | 01939nam a22003497a 4500 | ||
|---|---|---|---|
| 003 | OSt | ||
| 005 | 20230421082735.0 | ||
| 008 | 221006b |||||||| |||| 00| 0 eng d | ||
| 040 | _cBiblioteca Lado V | ||
| 082 |
_a700 _bZ39a |
||
| 100 |
_9802 _aZaya, Antonio _eeditor _edirector |
||
| 245 |
_aAtalantica/ _bRevista de Arte y Pensamiento/ |
||
| 260 |
_bCentro Atlantico de Arte Moderno _c1994 _aEspaña |
||
| 300 |
_c24x30cm _a184p. |
||
| 366 | _efre | ||
| 366 | _eeng | ||
| 490 |
_v1994 _x1132-8428 _a7 |
||
| 505 |
_tTerritorios _aEntrevista con Lars von trier Peter Neuchs Prosas de son Rashid Diab Morir a lo quaye El proceso creativo Proyecto de Robert Feintuch Una entrevista con Damien Hirst Tímidos, perceptivos e íntimos Proyecto de Gary Simmos |
||
| 505 |
_tNexus _aLa Vanguardia Rusa en el Caam |
||
| 505 |
_tRevista _aDiscusion, diferencia y el cuerpo politico La durisima intimidad de lutz bacher Entrevista con Bob Flanagan y Sheree Rose El sacrificio del ser Miquel Barcelo Los Batiks de Kirita Reencuentro fetichista con Nazario El arte como participación en la red global Cyberespacio Proyecto de Miriam Durando |
||
| 505 |
_tRevista _aArte Africano La Cultura Cubana con Sabor Proyecto de Iraida La Justicia o la Coreografia del Equilibrio De Colombia. Arte Actual |
||
| 650 |
_2Tesauro de Arte & Arquitectura _aARTE _9703 |
||
| 650 |
_2Tesauro de Arte & Arquitectura _aEXPOSICIONES |
||
| 650 |
_2Tesauro de Arte & Arquitectura _aCULTURA |
||
| 650 |
_2Tesauro de Arte & Arquitectura _aAPRECIACION |
||
| 650 |
_2Tesauro de Arte & Arquitectura _aTEORIA |
||
| 650 |
_2Tesauro de Arte & Arquitectura _aCRITICA |
||
| 650 |
_2Tesauro de Arte & Arquitectura _aFOTOGRAFIA _9702 |
||
| 650 |
_2Tesauro de Arte & Arquitectura _aLITERATURA |
||
| 650 |
_2Tesauro de Arte & Arquitectura _aESPAÑA |
||
| 942 |
_2ddc _c1 _h700 _iZ39a _n0 |
||
| 999 |
_c3411 _d3411 |
||